Normal view
MARC view
- Ruiz Silva, Alexander,
Entry Nombre Personal
001 - NUMERO DE CONTROL
- campo de control: 34758
003 - IDENTIFICADOR DE NUMERO DE CONTROL
- campo de control: UPN
005 - FECHA Y HORA DE LA ÜLTIMA TRANSACCIÓN
- campo de control: 20210219194456.0
008 - DATOS DE LONGITUD FIJA
- campo de control de longitud fija: nabaccnnaabn|||||||||| b |nc|||||d
035 ## - NUMERO DE CONTROL
- Número de control: UPN11000006865
040 ## - FUENTE DE CATALOGACIÓN
- Lenguaje de catalogación: SPA
- Agencia de transcripción: UPN
100 1# - ENCABEZAMIENTO - NOMBRE PERSONAL
- Nombre personal: Ruiz Silva, Alexander,
- Fechas asociadas con el nombre: 1966-
670 ## - FUENTE EN LA QUE SE LOCALIZARON DATOS
- Cita de la fuente: T
- Uniform Resource Identifier: http://www.convivenciaescolar.net/wp/wp-content/uploads/2011/08/CV-Ruiz-Gu%C3%ADa.pdf
680 ## - NOTA PUBLICA DE ACCESO PÚBLICO
- Frase explicativa de la referencia: Doctor en Ciencias Sociales colombiano
902 ## - CATALOGADOR
- Catalogador: MMA/100214
